000 00751nam a2200157 a 4500
008 220125s2021 ||||||||||||||||| || u
020 _a9789211172645
050 _aUNECE(02)2021/7
110 _aUnited Nations Economic Commission for Europe (UNECE)
245 1 0 _aTrans-european railway high-speed : master plan study : phase 2 : a general background to support further required studies
_cby United Nations Economic Commission for Europe
260 _aNew York
_bUNITED NATIONS
_c2021
300 _axxi, 373 pages : illustrations
650 0 _aRAILROADS--EUROPE
650 0 _a RAILROADS AND STATE - EUROPE
995 _FCBU-MAIN LIBRARY (Kitwe)
_M1
_UAVAILABLE
_WJan 26, 2022
_ZInternational Publications
999 _c60282
_d60282